MARC details
| 000 -LEADER |
| fixed length control field |
02380cam a2200457 a 4500 |
| 001 - CONTROL NUMBER |
| control field |
12694716 |
| 005 - DATE AND TIME OF LATEST TRANSACTION |
| control field |
20201223132221.0 |
| 008 - FIXED-LENGTH DATA ELEMENTS--GENERAL INFORMATION |
| fixed length control field |
020307s2004 nyua b 000 1 eng |
| 010 ## - LIBRARY OF CONGRESS CONTROL NUMBER |
| LC control number |
2002003233 |
| 020 ## - INTERNATIONAL STANDARD BOOK NUMBER |
| International Standard Book Number |
0689849087 (reinfored bdg.) |
| 040 ## - CATALOGING SOURCE |
| Original cataloging agency |
DLC |
| Transcribing agency |
DLC |
| Modifying agency |
DLC |
| -- |
DLC |
| Description conventions |
rda |
| 042 ## - AUTHENTICATION CODE |
| Authentication code |
lcac |
| 050 00 - LIBRARY OF CONGRESS CALL NUMBER |
| Classification number |
PZ7.G25845 |
| Item number |
El 2004 |
| 082 00 - DEWEY DECIMAL CLASSIFICATION NUMBER |
| Classification number |
[E] |
| Edition number |
21 |
| 092 ## - LOCALLY ASSIGNED DEWEY CALL NUMBER (OCLC) |
| Classification number |
E Geeslin |
| 100 1# - MAIN ENTRY--PERSONAL NAME |
| Personal name |
Geeslin, Campbell. |
| 9 (RLIN) |
6394190 |
| 245 10 - TITLE STATEMENT |
| Title |
Elena's serenade / |
| Statement of responsibility, etc |
written by Campbell Geeslin ; illustrated by Ana Juan. |
| 250 ## - EDITION STATEMENT |
| Edition statement |
1st ed. |
| 260 ## - PUBLICATION, DISTRIBUTION, ETC. (IMPRINT) |
| Place of publication, distribution, etc |
New York : |
| Name of publisher, distributor, etc |
Atheneum Books for Young Readers, |
| Date of publication, distribution, etc |
c2004. |
| 264 ## - Production, Publication, Distribution, Manufacture, and Copyright Notice. |
| Place of production, publication, distribution, manufacture |
New York : |
| Name of producer, publisher, distributor, manufacturer |
Atheneum Books for Young Readers, |
| Date of production, publication, distribution, manufacture, or copyr |
[2004] ©2004 |
| 300 ## - PHYSICAL DESCRIPTION |
| Extent |
1 v. (unpaged) : |
| Other physical details |
col. ill. ; |
| Dimensions |
29 cm. |
| 336 ## - Content Type |
| Content type term |
text |
| 337 ## - Media type |
| Media type term |
unmediated |
| 338 ## - Carrier type |
| Carrier type term |
volume |
| 500 ## - GENERAL NOTE |
| General note |
"An Anne Schwartz Book." |
| 520 ## - SUMMARY, ETC. |
| Summary, etc |
Beautiful illustrations help tell the story of Elena, a little Mexican girl, who longs to become a glassblower just like her father. “Whoever heard of a girl glassblower?” is her father’s response. Elena leaves home disguised as a boy, determined to go to Monterrey where all the great glassblowers are found. Her journey leads to mystical encounters that help her pursue her dream. Arriving in Monterrey, Elena amazes the local glassblowers with her skills. Eventually she returns home to her once doubting father, and takes her place at his side. (2-5) |
| 521 #2 - TARGET AUDIENCE NOTE |
| Target audience note |
Grades 2-5 |
| 586 ## - AWARDS NOTE |
| Awards note |
Américas Award Commended Title, 2004 |
| 650 #1 - SUBJECT ADDED ENTRY--TOPICAL TERM |
| Topical term or geographic name as entry element |
Glass blowing and working |
| Form subdivision |
Fiction. |
| 9 (RLIN) |
5696781 |
| 650 #1 - SUBJECT ADDED ENTRY--TOPICAL TERM |
| Topical term or geographic name as entry element |
Fathers and daughters |
| Form subdivision |
Fiction. |
| 9 (RLIN) |
5673846 |
| 650 #1 - SUBJECT ADDED ENTRY--TOPICAL TERM |
| Topical term or geographic name as entry element |
Sex role |
| Form subdivision |
Fiction. |
| 9 (RLIN) |
5679117 |
| 650 #0 - SUBJECT ADDED ENTRY--TOPICAL TERM |
| Topical term or geographic name as entry element |
Culturally authentic literature |
| 9 (RLIN) |
6365014 |
| 650 #0 - SUBJECT ADDED ENTRY--TOPICAL TERM |
| Topical term or geographic name as entry element |
Américas Award |
| 9 (RLIN) |
6365017 |
| 651 #1 - SUBJECT ADDED ENTRY--GEOGRAPHIC NAME |
| Geographic name |
Mexico |
| Form subdivision |
Fiction. |
| 9 (RLIN) |
5675096 |
| 700 1# - ADDED ENTRY--PERSONAL NAME |
| Personal name |
Juan, Ana, |
| Relator term |
ill. |
| 9 (RLIN) |
5849444 |
| 856 42 - ELECTRONIC LOCATION AND ACCESS |
| Materials specified |
Contributor biographical information |
| Uniform Resource Identifier |
<a href="http://www.loc.gov/catdir/bios/simon052/2002003233.html">http://www.loc.gov/catdir/bios/simon052/2002003233.html</a> |
| 856 42 - ELECTRONIC LOCATION AND ACCESS |
| Materials specified |
Publisher description |
| Uniform Resource Identifier |
<a href="http://www.loc.gov/catdir/description/simon052/2002003233.html">http://www.loc.gov/catdir/description/simon052/2002003233.html</a> |
| 906 ## - LOCAL DATA ELEMENT F, LDF (RLIN) |
| a |
7 |
| b |
cbc |
| c |
orignew |
| d |
1 |
| e |
ecip |
| f |
20 |
| g |
y-gencatlg |
| 942 ## - ADDED ENTRY ELEMENTS (KOHA) |
| Source of classification or shelving scheme |
Dewey Decimal Classification |
| Koha item type |
BOOK |